A-Z Wikipedia Famous Person Quiz - Русский - Statistics

General Stats
  • This quiz has been taken 1 990 times
  • The average score is 17 of 30
Answer Stats
A-Z Clue / Ключ Who? Кто? % Correct
З 6-й президент Украины, экс-шоумен, основатель студии «Квартал-95» (1978) Владимир Зеленский
94%
Г немецкий политик, основоположник и центральная фигура нацизма (1889-1945) Адольф Гитлер
93%
Е российская императрица (1729-1796) Екатерина II
92%
Л российский политик и революционер, лидер Октябрьской революции (1870-1924) Владимир Ленин
89%
О американский политик, 44-й президент США, 2009-2017 (1961-) Барак Обама
88%
П первый император Всероссийский (1672-1725) Пётр I
88%
Н французский полководец, Первый консул, Император Франции (1769-1821) Наполеон
86%
Ч советский серийный убийца (1936-1994) Андрей Чикатило
85%
Ж советский и российский политический деятель, основатель и лидер партии ЛДПР (1946-) Владимир Жириновский
84%
М аргентинско-испанский футболист (1987-) Лионель Месси
83%
С российский революционер, советский государственный, военный и партийный деятель (1878-1953) Иосиф Сталин
83%
И государь, великий князь московский и всея Руси (1530-1584) Иван Грозний
81%
Ц советский рок-музикант, автор песен и художник (1962-1990) Виктор Цой
79%
Э физик-теоретик, один из основателей современной теоретической физики, лауреат Нобелевской премии, общественный деятель-гуманист (1879-1955) Альберт Эйнштейн
67%
Х советский государственный деятель (1894-1971) Никита Хрущёв
66%
Я украинский государственный и политический деятель, 4-й президент Украины, премьер-министр Украины (1950-) Виктор Янукович
60%
А профессиональный американский боксёр (1942-2016) Мухаммед Али
59%
Т российский и советский революционер, государственный и военный деятель, один из создателей Красной армии и основателей Коминтерна (1879-1940) Лев Троцкий
49%
Ю украинский государственный и политический деятель, 3-й президент Украины, премьер-министр Украины (1954-) Виктор Ющенко
47%
В советский поэт и автор-исполнитель песен, актёр, автор прозаических произведений (1938-1980) Владимир Высоцкий
45%
К советский учёный, конструктор и организатор производства ракетно-космической техники и ракетного оружия СССР (1906-1966) Сергей Королёв
45%
Ш советский и российский военный и государственный деятель (1955-) Сергей Шойгу
39%
У американский рэпер, продюсер, певец, дизайнер, бизнесмен и актёр (1977-) Канье Уэст
37%
Б русский писатель, поэт и переводник (1870-1953) Иван Бунин
30%
Й американская актриса, модель и певица (1984-) Скарлетт Йоханссон
23%
Д французский актёр (1935-) Ален Делон
20%
Р канадский актёр, продюсер и музыкант (1964-) Киану Ривз
8%
Ф французская певица, актриса и поэтесса (1961-) Милен Фармер
6%
Ы турецкий писатель и поэт (1911-1993) Рыфат Ылгаз
3%
Щ русский композитор и пианист (1932-) Родион Щедрин
2%
No matching quizzes found
Score Distribution
Percent of People with Each Score
Percentile by Number Answered
Your Score History
You have not taken this quiz